Cultura en xarxa : la política cultural de la Diputació de Barcelona : 1995-2003 la política cultural de la Diputació de Barcelona :
Descripción Física:
112 p. : il. ; 30 cm
MARC
| LEADER | 00000nam a2200000Ia 4500 | ||
|---|---|---|---|
| 001 | 15333 | ||
| 008 | 160829s9999 xx 000 0 cat d | ||
| 080 | |a M-4-308 | ||
| 245 | |a Cultura en xarxa : |b la política cultural de la Diputació de Barcelona : |b 1995-2003 | ||
| 260 | |a [Barcelona] : |b Diputació de Barcelona, Xarxa de Municipis, Àrea de Cultura, [2003] | ||
| 300 | |a 112 p. : |b il. ; |c 30 cm | ||
| 610 | 1 | 0 | |a Barcelona (Catalunya : Província). |b Àrea de Cultura |9 53536 |
| 651 | 0 | |a Barcelona (Catalunya : Província) |x Política cultural |9 53523 | |
| 710 | 1 | |a Barcelona (Catalunya : Província). |b Àrea de Cultura |9 53536 | |
| 901 | |a Arxiu | ||
| 942 | |n 1 | ||
| 952 | |0 0 |1 0 |4 0 |6 M4308 |7 1 |9 45613 |a Arxiu |b Arxiu |d 2016-12-01 |l 0 |o M-4-308 |p 15333 |r 2016-12-01 00:00:00 |w 2016-12-01 |y ARXIU | ||
| 999 | |c 49112 |d 49112 | ||